| 000 | 00756nam a2200253Ia 4500 | ||
|---|---|---|---|
| 003 | OSt | ||
| 005 | 20220928115537.0 | ||
| 006 | a|||||r|||| 00| 0 | ||
| 007 | ta | ||
| 008 | 220927b |||||||| |||| 00| 0 eng d | ||
| 020 | _c795 | ||
| 024 | _a110480 | ||
| 037 |
_b164, 11/11/2010, Pioneer Book Distributors _cTextual |
||
| 040 |
_aSDCL _cSDCL _beng |
||
| 041 |
_2eng _aeng |
||
| 082 | _aV2:3(Z)'M, Q0 | ||
| 100 |
_aKolsky Elizabeth _9444859 |
||
| 245 | 0 | _aColonial justice in British India. | |
| 260 |
_aCambridge _bCambridge University Press _c2010 |
||
| 300 |
_axi,252p _ccm. |
||
| 650 | _aHistory | ||
| 942 |
_hV2:3(Z)'M, Q0 _cTEXL _2CC |
||
| 999 |
_c759887 _d759887 |
||